| 000 | 00582nam a22001695i 4500 | ||
|---|---|---|---|
| 001 | 162140 | ||
| 003 | ES-MaACL | ||
| 005 | 20251012195452.0 | ||
| 008 | 990208s1881 po |||| | por d | ||
| 100 | 1 |
_aSerpa Pimentel, António de, _d1825-1900 _9132658 |
|
| 245 | 1 | 0 |
_aAlexandre Herculano e o seu tempo / _cestudo critico por Antonio de Serpa Pimentel. |
| 260 |
_aLisboa : _b[s.n.], _c1881 ( _fImp. Nacional) |
||
| 300 |
_a261 p. ; _c18 cm. |
||
| 600 | 1 | 4 |
_aHerculano, Alexandre, _d1810-1877 _962677 |
| 852 |
_aES-MaACL _jG-9036 _z- Enc. hol. |
||
| 999 |
_c162140 _d162140 |
||